| 000 | 00778nam a2200181 4500 | ||
|---|---|---|---|
| 003 | LK-CoMWRAF | ||
| 005 | 20240217002449.0 | ||
| 008 | 231208b |||||||| |||| 00| 0 eng d | ||
| 020 | _a9556250255 | ||
| 040 |
_aLK-CoMWRAF _dLK-CoMWRAF _eLK-CoMWRAF |
||
| 041 | _atam | ||
| 082 |
_a297.5 _bKAT |
||
| 245 |
_aகட்டுப்பாடு அல்லது சுயாதீனம் : _bமுஸ்லீம் சட்ட்ங்களின் கீழ் வாழும் பெண்கள் அமைப்பின் அடையாளமும் அனுபவமும் |
||
| 260 |
_aColombo : _bMuslim Women's Research and Action Forum - MWRAF, _c2004 |
||
| 300 | _a46 p. | ||
| 700 |
_aநுஹ்மான், எம். ஏ. _etrans. |
||
| 942 | _cBK | ||
| 999 |
_c4316 _d4316 |
||